Places in Dorset - sudden death - Statistics

General Stats
  • This quiz has been taken 40 times
  • The average score is 14 of 24
Answers on the Grid
Answers color-coded by a green-red scale on the quiz's grid according to % correct below.
An international airport
Brighton
Portland Bill
Scarborough
Weymouth
Liverpool
Balmoral Castle
Chesil Beach
A UNESCO World Heritage Site
Bolton
Ottawa
Bournemouth
Kikwit
Poole
Doncaster
Dorchester
Chester
Chesterfield
Christchurch
Cirencester
Wimborne Minster
Corfe Mullen
Chichester
Shaftesbury
Dharan
Sherbourne
Gillingham
Alan Turing Institute
A cathedral
Swanage
Stock Gaylard
Great Equatorial Telescope
Ferndown
Blandford Forum
Chipata
Diamond Light Source
Sumbe
Arne
Germansweek
PJ Harvey's birthplace
Yopal
Puddletown
Mardan
Uploders
Cilegon
Durdle Door
Crewkerne
Radipole Lake
 
Answer Stats
Answer % Correct
Bournemouth
92%
Weymouth
88%
Poole
85%
Portland Bill
81%
Chesil Beach
77%
Dorchester
77%
Christchurch
73%
A natural limestone sea arch Durdle Door
73%
Shaftesbury
69%
Swanage
65%
The Jurassic Coast A UNESCO World Heritage Site
62%
Blandford Forum
62%
Sherbourne
62%
Corfe Mullen
58%
Wimborne Minster
58%
Bournemouth An international airport
54%
Ferndown
54%
Gillingham
42%
Puddletown
38%
Village and RSPB reserve Arne
35%
Weymouth - RSPB reserve Radipole Lake
27%
Bridport PJ Harvey's birthplace
19%
Uploders
15%
Stock Gaylard
12%
No matching quizzes found
Score Distribution
Percent of People with Each Score
Percentile by Number Answered
Your Score History
You have not taken this quiz